The internet of things and big data analytics : (Record no. 234068)
[ view plain ]
| 000 -LEADER | |
|---|---|
| fixed length control field | 00684nam a22002057a 4500 |
| 003 - CONTROL NUMBER IDENTIFIER | |
| control field | OSt |
| 005 - DATE AND TIME OF LATEST TRANSACTION | |
| control field | 20250401160710.0 |
| 008 - FIXED-LENGTH DATA ELEMENTS--GENERAL INFORMATION | |
| fixed length control field | 250401b |||||||| |||| 00| 0 eng d |
| 020 ## - INTERNATIONAL STANDARD BOOK NUMBER | |
| International Standard Book Number | 9781032605371 |
| 040 ## - CATALOGING SOURCE | |
| Transcribing agency | AIMIT Library |
| 082 ## - DEWEY DECIMAL CLASSIFICATION NUMBER | |
| Classification number | 005.768 |
| Item number | RAJP |
| 245 ## - TITLE STATEMENT | |
| Title | The internet of things and big data analytics : |
| Remainder of title | integrated platforms and industry use cases / |
| Statement of responsibility, etc. | Edited by Pethuru Raj...[et.al.] |
| 260 ## - PUBLICATION, DISTRIBUTION, ETC. | |
| Place of publication, distribution, etc. | UK , |
| Name of publisher, distributor, etc. | CRC Press : |
| Date of publication, distribution, etc. | 2020. |
| 300 ## - PHYSICAL DESCRIPTION | |
| Extent | xiii,323p. ; |
| Other physical details | 23cm. |
| 700 ## - ADDED ENTRY--PERSONAL NAME | |
| Personal name | Raj, Pethuru. |
| Relator term | Editor |
| 9 (RLIN) | 207238 |
| 700 ## - ADDED ENTRY--PERSONAL NAME | |
| Personal name | Poongodi, T. |
| Relator term | Editor |
| 9 (RLIN) | 207239 |
| 700 ## - ADDED ENTRY--PERSONAL NAME | |
| Personal name | Balusamy, Balamurugan. |
| Relator term | Editor |
| 9 (RLIN) | 207240 |
| 700 ## - ADDED ENTRY--PERSONAL NAME | |
| Personal name | Khari, Manju. |
| Relator term | Editor |
| 9 (RLIN) | 207241 |
| 942 ## - ADDED ENTRY ELEMENTS (KOHA) | |
| Source of classification or shelving scheme | Dewey Decimal Classification |
| Koha item type | Book |
| Withdrawn status | Lost status | Source of classification or shelving scheme | Damaged status | Not for loan | Collection code | Home library | Current library | Date acquired | Source of acquisition | Cost, normal purchase price | Inventory number | Total Checkouts | Full call number | Barcode | Date due | Date last seen | Date last checked out | Cost, replacement price | Price effective from | Koha item type |
|---|---|---|---|---|---|---|---|---|---|---|---|---|---|---|---|---|---|---|---|---|
| Dewey Decimal Classification | MCA | St Aloysius Institute of Management & Information Technology | St Aloysius Institute of Management & Information Technology | 04/01/2025 | Biblio Book Point | 1495.00 | Bill no:7043; Bill dt:2025-02-27 | 1 | 005.768 RAJP | MCA17334 | 05/05/2025 | 04/05/2025 | 04/05/2025 | 1196.00 | 04/01/2025 | Book |